100 songs - Statistics

General Stats
  • This quiz has been taken 18 times
  • The average score is 44 of 100
Answer Stats
Hint Answer % Correct
Hey I just met you and this is crazyBut here's my number, so call me maybe It's hard to look right at you baby But here's my number, so call me maybe Call me maybe
100%
We are the champions - my friends
And we'll keep on fighting - till the end -
We are the champions -
We are the champions
No time for losers
'Cause we are the champions - of the world -
We are the champion
100%

Just own the night like the 4th of July

'Cause baby you're a firework Come on, show 'em what you're worth Make 'em go "Oh, oh, oh" As you shoot across the sky-y-y

Baby, you're a firework Come on, let your colors burst Make 'em go "Oh, oh, oh" You're gonna leave 'em falling down-own-own

Firework
86%
Clocks strikes upon the hour
And the sun begins to fade
Still enough time to figure out
How to chase my blues away
I've done alright up 'til now
It's the light of day that shows me how
And when the night falls loneliness calls Oh! Wanna dance with somebody
I wanna feel the heat with somebody
Yeah! Wanna dance with somebody
With somebody who loves me
I wanna dance with somebody
86%
Tell me why
Ain't nothing but a heartache
Tell me why
Ain't nothing but a mistake
Tell me why
I never wanna hear you say
I want it that way
I want it that way
79%

How could we not talk about family when family's all that we got? Everything I went through you were standing there by my side And now you gonna be with me for the last ride

It's been a long day without you my friend And I'll tell you all about it when I see you again We've come a long way from where we began Oh I'll tell you all about it when I see you again when I see you again

See you again
79%
Let the sky fall
When it crumbles
We will stand tall
Face it all together

Let the sky fall
When it crumbles
We will stand tall
Face it all together
At skyfall
That skyfall
Skyfall
79%
I came in like a wrecking ball
I never hit so hard in love
All I wanted was to break your walls
All you ever did was wreck me
Yeah, you, you wreck me

I put you high up in the sky
And now, you're not coming down
It slowly turned, you let me burn
And now, we're ashes on the ground
Wrecking ball
79%
I'd catch a grenade for you (yeah, yeah, yeah)
Throw my hand on a blade for you (yeah, yeah, yeah)
I'd jump in front of a train for you (yeah, yeah, yeah)
You know I'd do anything for you (yeah, yeah, yeah)
Oh, I would go through all this pain
Take a bullet straight through my brain
Yes, I would die for you, baby
But you won't do the same
Grenade
71%
I got a feeling
That tonight's gonna be a good night
That tonight's gonna be a good night
That tonight's gonna be a good, good night
A feeling
That tonight's gonna be a good night
That tonight's gonna be a good night
That tonight's gonna be a good, good night
I gotta feeling
71%
Cause we could be Immortals, Immortals
Just not for long, for long
And live with me forever now
Pull the blackout curtains down
Just not for long, for long
Because we could be Immooooooo- Immortals
Immooooooo- Immortals
Immooooooo- Immortals
Immooooooo- Immortals
Immortals
71%
Take me by the tongue and I'll know you (Uh)
Kiss me 'til you're drunk and I'll show you
You want the moves like Jagger
I've got them moves like Jagger
I've got them moves like Jagger (Uh)
I don't need to try to control you (Uh)
Look into my eyes and I'll own you
With them moves like Jagger
I've got them moves like Jagger
I've got them moves like Jagger
Move like jagger
71%
Sometimes I wake up by the door
That heart you caught must be waiting for you
Even now, when we're already over
I can't help myself from looking for you

I set fire to the rain
Watched it pour as I touched your face
Well, it burned while I cried
'Cause I heard it screaming out your name, your name
Set fire to the rain
71%
If you're gonna let me down, let me down gently
Don't pretend that you don't want me
Our love ain't water under the bridge
If you're gonna let me down, let me down gently
Don't pretend that you don't want me
Our love ain't water under the bridge
Woah-woah
Say that our love ain't water under the bridge
Water under the bridge
71%
I want your love, and I want your revenge
You and me could write a bad romance (Oh-oh-oh-oh-oh)
I want your love, and all your lover's revenge
You and me could write a bad romance
Oh-oh-oh-oh-oh, oh-oh-oh-oh, oh-oh-oh
Caught in a bad romance
Oh-oh-oh-oh-oh, oh-oh-oh-oh, oh-oh-oh
Caught in a bad romance
Bad romance
64%
All my memories gather round her, miner's lady, stranger to blue water
Dark and dusty, painted on the sky, misty taste of moonshine, teardrop in my eye

Country roads, take me home to the place I belong
West Virginia, mountain mamma, take me home, country roads
Country road
64%
I'm a shooting star leaping through the sky
Like a tiger defying the laws of gravity
I'm a racing car passing by
Like Lady Godiva
I'm gonna go, go, go
There's no stopping me

I'm burning through the sky
Yeah!
Two hundred degrees
That's why they call me Mister Fahrenheit
I'm traveling at the speed of light
I wanna make a supersonic man out of you
Don't stop me now
64%
Cause the players gonna play, play, play, play, play
And the haters gonna hate, hate, hate, hate, hate
Baby, I'm just gonna shake, shake, shake, shake, shake
I shake it off, I shake it off
Heart-breakers gonna break, break, break, break, break
And the fakers gonna fake, fake, fake, fake, fake
Baby, I'm just gonna shake, shake, shake, shake, shake
I shake it off, I shake it off
Shake it off
64%
Oh, she's sweet but a psycho
A little bit psycho
At night she's screamin', "I'm-ma-ma-ma out my mind."
Oh, she's hot but a psycho
So left but she's right though
At night she's screamin', "I'm-ma-ma-ma out my mind."

Grab a cop gun. Kinda crazy
She's poison but tasty
Yeah, people say, "Run, don't walk away."
'Cause she's sweet but a psycho
A little bit psycho
At night she's screamin', "I'm-ma-ma-ma out my mind."
Sweet but psycho
64%
TonightWe are young So let's set the world on fire We can burn brighter than the sun We are young
64%
I'm on my way
Driving at 90 down those country lanes
Singing to "Tiny Dancer"
And I miss the way
You make me feel
And it's real
When we watched the sunset over the castle on the hill
Castle on the hill
57%

Some legends are told Some turn to dust or to gold But you will remember me Remember me, for centuries

Just one mistake is all it will take We'll go down in history Remember me for centuries

Centuries
57%
Babe, you're too controlling
I'ma feed you to the wolves
When you get nasty, back at me
But, baby, don't distract me
I'm a goner, I lost her
Like why the hell you wanna
Play me that way? You're bad, babe
You double-faced entendre

Life goes on and on and on and on and on and
On and on and on
On and on and on and on and on and
On and on and on
On and on and on and on and on and
On and on and on
On and on and on and on and on and
On and on and on
Life goes on
57%
Near, far, wherever you are
I believe that the heart does go on
Once more, you open the door
And you're here in my heart
And my heart will go on and on
My heart will go on
57%
Life goes on, it gets so heavy
The wheel breaks the butterfly
Every tear, a waterfall
In the night, the stormy night, she'd close her eyes
In the night, the stormy night, away she'd fly

And dream of para-, para-, paradise
Para-, para-, paradise
Para-, para-, paradise
Oh, oh-oh, oh-oh, oh-oh-oh
She'd dream of para-, para-, paradise
Para-, para-, paradise
Para-, para-, paradise
Oh, oh-oh, oh-oh, oh-oh-oh
Paradise
57%
The story of my life
I take her home
I drive all night
To keep her warm
And time is frozen (the story of, the story of)
The story of my life
I give her hope
I spend her love
Until she's broke
Inside
The story of my life (the story of, the story of)
Story of my life
57%
Can you blow my whistle, baby, whistle, baby? Let me know
Girl, I'm gonna show you how to do it and we start real slow
You just put your lips together and you come real close
Can you blow my whistle, baby, whistle, baby? Here we go
Whistle
57%
Once I was seven years oldIt was a big big world, but we thought we were bigger Pushing each other to the limits, we were learning quicker By eleven smoking herb and drinking burning liquor 7 years
50%
In this world, it's just us
You know it's not the same as it was
In this world, it's just us
You know it's not the same as it was
As it was, as it was
You know it's not the same
As it was
50%
If the world was ending
I'd wanna be next to you
If the party was over
And our time on Earth was through
I'd wanna hold you just for a while
And die with a smile
If the world was ending
I'd wanna be next to you
Die with a smile
50%
Cause sometimes I look in her eyes
And that's where I find a glimpse of us
And I try to fall for her touch
But I'm thinking of the way it was
Said I'm fine and said I moved on
I'm only here passing time in her arms
Hoping I'll find
A glimpse of us
Glimpse of us
50%
Just gonna stand there and watch me burn
Well, that's alright because I like the way it hurts
Just gonna stand there and hear me cry
Well, that's alright because I love the way you lie
I love the way you lie, oh
I love the way you lie
I love the way you lie
50%
Secrets I have held in my heart
Are harder to hide than I thought
Maybe I just wanna be yours
I wanna be yours, I wanna be yours
Wanna be yours, wanna be yours, wanna be yours
Wanna be yours, wanna be yours, wanna be yours
Wanna be yours, wanna be yours
I wanna be yours
50%
Bittersweet memories –
That is all I'm taking with me
So good-bye
Please don't cry:
We both know I'm not what you, you need

And I... will always love you
I... will always love you
You, ooh
I will always love you
50%
Today, I don't feel like doing anything
I just wanna lay in my bed
Don't feel like picking up my phone
So leave a message at the tone
'Cause today, I swear, I'm not doing anything
Nothing at all
Woo-hoo, woo-hoo, ooh
Nothing at all
Woo-hoo, woo-hoo, ooh
Lazy song
50%
Don't let them in, don't let them see
Be the good girl you always have to be
Conceal, don't feel, don't let them know
Well, now they know!

Let it go, let it go
Can't hold it back anymore
Let it go, let it go
Turn away and slam the door!
Let it go
50%
It's a beautiful night
We're looking for something dumb to do
Hey, baby
I think I wanna marry you

Is it the look in your eyes
Or is it this dancing juice?
Who cares, baby?
I think I wanna marry you
Marry you
50%
Baby, I'm dancing in the dark
With you between my arms
Barefoot on the grass
Listening to our favourite song
When I saw you in that dress
Looking so beautiful
I don't deserve this
Darling, you look perfect tonight
Perfect
50%
Girl, you know I want your love
Your love was handmade for somebody like me
Come on now, follow my lead
I may be crazy, don't mind me
Say, boy, let's not talk too much
Grab on my waist and put that body on me
Come on now, follow my lead
Come, come on now, follow my lead
Shape of you
50%
It's me, hi, I'm the problem, it's me
At teatime, everybody agrees
I'll stare directly at the sun, but never in the mirror
It must be exhausting always rooting for the anti-hero

Sometimes, I feel like everybody is a sexy baby
And I'm a monster on the hill
Too big to hang out, slowly lurching toward your favorite city
Pierced through the heart, but never killed
Anti hero
43%
I've spent all of the love I saved
We were always a losing game
Small-town boy in a big arcade
I got addicted to a losing game

Ooh, ooh
All I know, all I know
Loving you is a losing game
Arcade
43%
Making my way downtown
Walking fast
Faces pass
And I'm home-bound

Staring blankly ahead
Just making my way
Making a way
Through the crowd

And I need you
And I miss you
And now I wonder
A thousand miles
43%
You make me glow
But I cover up
Won't let it show
So I'm

Puttin' my defenses up
'Cause I don't wanna fall in love
If I ever did that
I think I'd have a heart attack
Heart attack
43%
Well you only need the light when it's burning low
Only miss the sun when it starts to snow
Only know you love her when you let her go

Only know you've been high when you're feeling low
Only hate the road when you're missing home
Only know you love her when you let her go
And you let her go
Let her go
43%
I got you, moonlight, you're my starlight
I need you all night, come on, dance with me
I'm levitating
You, moonlight, you're my starlight (You're the moonlight)
I need you all night, come on, dance with me
I'm levitating
Levitating
43%

Oh, life could be a dream (sh-boom) If I could take you up in paradise up above (sh-boom) If you would tell me I'm the only one that you love Life could be a dream, sweetheart

Sh-boom sh-boom Ya-da-da Da-da-da Da-da-da Da Sh-boom sh-boom Ya-da-da Da-da-da Da-da-da Da Sh-boom sh-boom Ya-da-da Da-da-da Da-da-da Da, sh-boom!

Life could be a dream
43%
If I got locked away
And we lost it all today
Tell me honestly, would you still love me the same?
If I showed you my flaws
If I couldn't be strong
Tell me honestly, would you still love me the same?
Locked away
43%
Here's to the ones that we got
Cheers to the wish you were here, but you're not
'Cause the drinks bring back all the memories
Of everything we've been through
Toast to the ones here today
Toast to the ones that we lost on the way
'Cause the drinks bring back all the memories
And the memories bring back, memories bring back you
Memories
43%
And on and on we'll go
Through the wastelands, through the highways
Till my shadow turns to sunrays
And on and on we'll go
Through the wastelands, through the highways
And on and on we'll go
On and on
43%
So come out, come out, come out
Won't you turn my soul into a raging fire?
Come out, come out, come out
'Til we lose control into a raging fire
Into a raging fire
Come out, come out, come out
Won't you turn my soul into a raging fire?
Raging fire
43%
What if we rewrite the stars?
Say you were made to be mine?
Nothing could keep us apart
You'd be the one I was meant to find
It's up to you, and it's up to me
No one could say what we get to be
So why don't we rewrite the stars?
And maybe the world could be ours tonight
Rewrite the stars
43%
Without you, I feel broke
Like I'm half of a whole
Without you, I've got no hand to hold
Without you, I feel torn
Like a sail in a storm
Without you, I'm just a sad song
I'm just a sad song
Sad song
43%
You could've asked me why I broke your heart
You could've told me that you fell apart
But you walked past me like I wasn't there
And just pretended like you didn't care

I don't know why I run away
I make you cry when I run away

Take me back 'cause I wanna stay
Save your tears for another
Save your tears for another day
Save your tears for another day (So)
Save your tears
43%
Cause you're a sky, 'cause you're a sky full of stars
I'm gonna give you my heart
'Cause you're a sky, 'cause you're a sky full of stars
'Cause you light up the path

I don't care, go on and tear me apart
I don't care if you do, ooh
'Cause in a sky, 'cause in a sky full of stars
I think I saw you
Sky full of stars
43%
Oh, won't you stay with me?
'Cause you're all I need
This ain't love, it's clear to see
But, darling, stay with me
Stay with me
43%
Nobody said it was easy
It's such a shame for us to part
Nobody said it was easy
No one ever said it would be this hard
Oh, take me back to the start
The scientist
43%
But every time you hurt me, the less that I cry
And every time you leave me, the quicker these tears dry
And every time you walk out, the less I love you
Baby, we don't stand a chance, it's sad but it's true
I'm way too good at goodbyes
Too good at goodbyes
43%
I won't give up, no, I won't give in
Till I reach the end and then I'll start again
No, I won't leave, I wanna try everything
I wanna try even though I could fail
I won't give up, no, I won't give in
Till I reach the end and then I'll start again
No, I won't leave, I wanna try everything
I wanna try even though I could fail
Try everything
43%
So wake me up when it's all over
When I'm wiser and I'm older
All this time I was finding myself
And I didn't know I was lost
Wake me up
43%
That you are not alone, I am here with you
Though you're far away, I am here to stay
But you are not alone, I am here with you
Though we're far apart, you're always in my heart
But you are not alone
You are not alone
43%
So, before you go
Was there something I could've said to make your heart beat better?
If only I'd have known you had a storm to weather
So, before you go
Was there something I could've said to make it all stop hurting?
It kills me how your mind can make you feel so worthless
So, before you go
Before you go
36%
I know I can treat you better than he can
And any girl like you deserves a gentleman
Tell me why are we wasting time
On all your wasted crying
When you should be with me instead
I know I can treat you better
Better than he can
Better than he can
36%
Hit the dancefloor
Hit the dancefloor
I got all I need
No I ain't got cash
I ain't got cash
But I got you baby

Baby I don't need dollar bills to have fun tonight
(I love cheap thrills!)
Baby I don't need dollar bills to have fun tonight
(I love cheap thrills!)
I don't need no money
As long as I can feel the beat
I don't need no money
As long as I keep dancing
Cheap thrills
36%
But you'll never be alone
I'll be with you from dusk till dawn
I'll be with you from dusk till dawn
Baby, I am right here
I'll hold you when things go wrong
I'll be with you from dusk till dawn
I'll be with you from dusk till dawn
Baby, I am right here
Dusk till dawn
36%
'Cause girls like you run 'round with guys like me
'Til sundown when I come through
I need a girl like you, yeah yeah
Girls like you love fun, and yeah, me too
What I want when I come through
I need a girl like you, yeah yeah
Girls like you
36%
You can't fight it, you can't breathe
You say somethin' so lovin', but
Now I gotta let you go
You'll be better off in someone new
I don't wanna be alone
You know it hurts me too
You look so broken when you cry
One more and then I'll say goodbye

Sometimes, all I think about is you
Late nights in the middle of June
Heat waves been fakin' me out
Can't make you happier now
Sometimes, all I think about is you
Late nights in the middle of June
Heat waves been fakin' me out
Can't make you happier now
Heat waves
36%
So I'm following the map that leads to you
The map that leads to you
Ain't nothing I can do
The map that leads to you
Following, following, following to you
The map that leads to you
Ain't nothing I can do
The map that leads to you
Following, following, following
Maps
36%
I got my peaches out in Georgia (Oh, yeah, shit)
I get my weed from California (That's that shit)
I took my chick up to the North, yeah (Badass bitch)
I get my light right from the source, yeah (Yeah, that's it)
Peaches
36%
Remember meThough I have to say goodbye Remember me Don't let it make you cry For even if I'm far away I hold you in my heart I sing a secret song to you Each night we are apart Remember me
36%
Snappin' one, two
Where are you?
You're still in my heart
Snappin' three, four
Don't need you here anymore
Get out of my heart
'Cause I might snap
Snap
36%
I know you're somewhere out there
Somewhere far away
I want you back, I want you back
My neighbors think I'm crazy
But they don't understand
You're all I had, you're all I had

At night when the stars light up my room
I sit by myself

Talking to the moon
Tryna get to you
In hopes you're on the other side talking to me, too
Or am I a fool who sits alone talking to the moon?
Talking to the moon
36%
Oh, I've been shaking
I love it when you go crazy
You take all my inhibitions
Baby, there's nothing holdin' me back

You take me places that tear up my reputation
Manipulate my decisions
Baby, there's nothing holdin' me back
There's nothing holding me back
36%
This hit
That ice cold
Michelle Pfeiffer
That white gold
This one for them hood girls
Them good girls
Straight masterpieces
Stylin', wiling
Livin' it up in the city
Got Chucks on with Saint Laurent
Gotta kiss myself I'm so pretty
Uptown funk
36%
Yeah, you got that yummy-yum
That yummy-yum, that yummy-yummy
Yeah, you got that yummy-yum
That yummy-yum, that yummy-yummy
Say the word, on my way
Yeah, babe, yeah, babe, yeah, babe
Any night, any day
Say the word, on my way
Yeah, babe, yeah, babe, yeah, babe
In the mornin' or the late
Say the word, on my way
Yummy
36%
Heart beats fast
Colours and promises
How to be brave?
How can I love when I'm afraid to fall?
But watching you stand alone
All of my doubt
Suddenly goes away somehow
A thousand years
29%
Oh my God, that bitch bitin' (That bitch bitin')
Well, alright (Alright), tryna vibe (I'm tryna vibe this)
In the night, come alive
Ain't asleep, ain't a—, ain't a—, ain't-ain't

FE!N, FE!N, FE!N, FE!N, FE!N
FE!N, FE!N, FE!N, FE!N, FE!N
FE!N, FE!N, FE!N, FE!N, FE!N
FE!N, FE!N, FE!N, FE!N
FE!N, FE!N, FE!N, FE!N, FE!N
FE!N
29%
I'm sorry, don't leave me, I want you here with me
I know that your love is gone
I can't breathe, I'm so weak, I know this isn't easy
Don't tell me that your love is gone
That your love is gone
Love is gone
29%
We're only getting older, baby
And I've been thinking about it lately
Does it ever drive you crazy
Just how fast the night changes?
Everything that you've ever dreamed of
Disappearing when you wake up
But there's nothing to be afraid of
Even when the night changes
It will never change me and you
Night changes
29%
One day my father—he told me
"Son, don't let it slip away"
He took me in his arms, I heard him say

"When you get older
Your wild heart will live for younger days
Think of me if ever you're afraid"

He said, "One day you'll leave this world behind
So, live a life you will remember"
My father told me when I was just a child
"These are the nights that never die"
My father told me
The Night
29%
When I get older,
I will be stronger,
They'll call me "Freedom",
Just like a wavin' flag.

And then it goes back.
And then it goes back.
And then it goes back.
Wavin' flag
29%
Not done fighting, I don't feel I lose
Am I dreamin', is there more like us?
Got me feeling like it's all too much
I feel beaten, but I can't give up
I'm still fighting (Metro), I don't feel I've lost
Am I dreamin', is there more like us?
Got me feelin' like it's all too much
I feel beaten, but I can't give up
Am i dreaming
21%
Kissy face, kissy face
Sent to your phone, but
I'm tryna kiss your lips for real (Uh-huh, uh-huh)
Red hearts, red hearts
That's what I'm on, yeah
Come give me somethin' I can feel, oh-oh-oh
APT
21%
In my dreams you're with me
We'll be everything I want us to be
And from there—who knows?
Maybe this will be the night that we kiss for the first time
Or is that just me and my imagination?
Imagination
21%
Cause I can't get it out of my head
No, I can't shake this feeling that crawls in my bed
I try to hide it, but I know you know me
I try to fight it, but I'd rather be free
Oh
Less than zero
21%
Hi, I'm a baboon
I'm like a man, just less advanced and my anus is
Hey, I'm a zebra
No one knows what I do, but I look pretty cool
Am I white or black?

I'm a lion cub, and I'm always getting licked (Meow!)
We love the earth
21%
There goes my heart beating
Cause you are the reason
I'm losing my sleep
Please come back now

There goes my mind racing
And you are the reason
That I'm still breathing
I'm hopeless now
You are the reason
21%
Oops, I got 99 problems singing bye, bye, bye
Hold up, if you wanna go and take a ride with me
Better hit me, baby, one more time
Paint a picture for you and me
Of the days when we were young, uh
Singing at the top of both our lungs
2002
14%
I don't care who you are
Where you're from, what you did
As long as you love me
Who you are, where you're from
Don't care what you did
As long as you love me
As long as you love me
14%
So you wanna play with magic?
Boy, you should know what you're falling for
Baby, do you dare to do this?
'Cause I'm coming at you like a dark horse

Are you ready for, ready for
A perfect storm, perfect storm?
'Cause once you're mine, once you're mine
There is no going back
Black horse
14%
And when the daylight comes I'll have to go
But tonight, I'm gonna hold you so close
'Cause in the daylight we'll be on our own
But tonight, I need to hold you so close
Daylight
14%
What about sunrise?
What about rain?
What about all the things
That you said we were to gain?

What about killing fields?
Is there a time?
What about all the things
That you said was yours and mine?
Earth song
14%

You seem like the type To love 'em and leave 'em And disappear right after the song So give me the night To show you, hold you Don't leave me out here dancin' alone

You can't make up your mind, mind, mind, mind, mind Please don't waste my time, time, time, time, time I'm not tryin' to rewind, wind, wind, wind, wind I wish our hearts could come together as one

Eenie meenie
14%
Areumdawo sarangseureowo
Geurae neo, hey, geurae baro neo, hey

Areumdawo sarangseureowo
Geurae neo, hey, geurae baro neo, hey

Jigeumbuteo gal dekkaji gabolkka
Gangnam style
14%
And I would do it for you, for you
Baby, I'm not moving on
I'll love you long after you're gone
For you, for you
You will never sleep alone
I'll love you long after you're gone
And long after you're gone, gone, gone You're my back bone
You're my cornerstone
You're my crutch when my legs stop moving
You're my head start
You're my rugged heart
You're the pulse that I've always needed
Like a drum, baby, don't stop beating
Like a drum, baby, don't stop beating
Like a drum, baby, don't stop beating
Like a drum my heart never stops beating...
Gone gone gone
14%
What if you look your fears right in the eye?
Say you'll see them another time?
What if, for once
You can find the piеce of you that you've been hidin', you've been hidin'?
What if you chasе your heart out to the edge?
Rewrite your stars and be brave instead?
What if you jump
And the fallin' feels a little like you're flyin', like you're flyin'?
Kiss the sky
14%
I can't love you in the dark
It feels like we're oceans apart
There is so much space between us
Maybe we're already defeated
Ah-yeah-yeah-yeah-yeah-yeah-yeah everything changed me
Love in the dark
14%
I don't wanna be needing your love
I just wanna be deep in your love
And it's killing me when you're away, ooh, baby
'Cause I really don't care where you are
I just wanna be there where you are
And I gotta get one little taste
Sugar
14%
Now I don't need your wings to fly
No, I don't need a hand to hold in mine this time
You held me down, but I broke free
I found the love inside of me
Now I don't need a hero to survive
Cause I already saved my life
Already saved my life
I already saved my life
Already saved my life
I already saved my life
Hero
7%
Deep in the dark
I don't need the light
There's a ghost inside me
It all belongs to the other side
We live, we love, we lie
The spectre
7%
Take me home, I'm fallin'
Love me long, I'm rollin'
Losing control, body and soul
Mind too for sure, I'm already yours
Walk you down, I'm all in
Hold you tight, you call and
I'll take control, body and soul
Mind too for sure, I'm already yours
To the bone
7%
No matching quizzes found
Score Distribution
Percent of People with Each Score
Percentile by Number Answered
Your Score History
You have not taken this quiz